Adverbes en polonais - Statistiques

Statistiques générales
  • Ce quiz a été pris 12 fois
  • Le résultat moyen est 11 sur 26
Statistiques - réponses
adverbe en français traduction en polonais % Correct
peut-être może
100%
bien dobrze
86%
ici tutaj, tu
86%
mal źle
86%
très bardzo
71%
encore jeszcze
71%
ensemble razem
71%
maintenant teraz
71%
toujours zawsze
71%
tous les jours codziennie
57%
rapidement, vite szybko
57%
parfois czasami
43%
jamais nigdy nie
43%
plutôt (assez) raczej
43%
rarement rzadko
43%
quelque part gdzieś
29%
vraiment naprawdę
29%
trop zbyt
29%
souvent często
14%
assez, suffisamment dość
14%
toujours (encore) wciąż
14%
entièrement, tout à fait całkiem
0%
forcément, à coup sûr na pewno
0%
trop tard za późno
0%
pas du tout zupełnie nie
0%
généralement zwykle
0%
Aucun quiz correspondant
Distribution des résultats
% des personnes avec chaque résultat
Percentile par nombre de réponses
Votre historique - résultats
Vous n’avez pas pris ce quiz